|
|
|
|
| LEADER |
00000nam0a2200000 4500 |
| 001 |
164492 |
| 005 |
20231101222501.0 |
| 010 |
|
|
|a 9785814905376
|
| 035 |
|
|
|a (RuTPU)RU\TPU\book\178449
|
| 090 |
|
|
|a 164492
|
| 100 |
|
|
|a 20090907d2008 m y0rusy50 ca
|
| 101 |
0 |
|
|a rus
|
| 102 |
|
|
|a RU
|
| 105 |
|
|
|a a j 001zy
|
| 200 |
1 |
|
|a Испытание электрических машин
|e учебное пособие
|f О. С. Щукин
|g Омский государственный технический университет (ОмГТУ)
|
| 210 |
|
|
|a Омск
|c Изд-во ОмГТУ
|d 2008
|
| 215 |
|
|
|a 140 с.
|c ил.
|
| 320 |
|
|
|a Библиогр.: с. 138-139.
|
| 330 |
|
|
|a Изложены нормативно-промышленные и учебные методы испытания всех видов электрических машин, используемых в энергетике. Особое внимание уделено физической трактовке параметров машин и методов их измерения. Материалы пособия могут быть использованы при выполнении лабораторных работ, курсовых проектов и проведении исследовательской работы студентов.
|
| 606 |
1 |
|
|a Электрические машины
|x Испытание
|2 stltpush
|3 (RuTPU)RU\TPU\subj\27104
|9 50902
|
| 610 |
1 |
|
|a силовые трансформаторы
|
| 610 |
1 |
|
|a асинхронные машины
|
| 610 |
1 |
|
|a синхронные машины
|
| 610 |
1 |
|
|a машины постоянного тока
|
| 610 |
1 |
|
|a нормативно-техническое обеспечение
|
| 610 |
1 |
|
|a испытания
|
| 610 |
1 |
|
|a КПД
|
| 610 |
1 |
|
|a коэффициент полезного действия
|
| 610 |
1 |
|
|a теория
|
| 610 |
1 |
|
|a лабораторные работы
|
| 610 |
1 |
|
|a учебные пособия
|
| 675 |
|
|
|a 621.313.001.4(075.8)
|v 3
|
| 700 |
|
1 |
|a Щукин
|b О. С.
|
| 712 |
0 |
2 |
|a Омский государственный технический университет (ОмГТУ)
|2 stltpush
|3 (RuTPU)RU\TPU\col\394
|
| 801 |
|
1 |
|a RU
|b 63413507
|c 20090907
|
| 801 |
|
2 |
|a RU
|b 63413507
|c 20131010
|g RCR
|
| 900 |
|
|
|a Организация и технология испытаний
|
| 942 |
|
|
|c BK
|